Prénoms filles 2007 - Statistiques

Statistiques générales
  • Ce quiz a été pris 515 fois
    277 depuis la dernière actualisation
  • Le résultat moyen est 55 sur 100
Statistiques - réponses
Hint Lettre Prénoms % Correct
35 L Lou
91%
27 J Julie
90%
3 C Chloé
88%
2 E Emma
88%
33 M Marie
87%
4 L Léa
85%
1 M Manon
85%
18 Z Zoé
81%
5 C Clara
80%
19 L Louise
79%
23 J Juliette
78%
40 A Anna
77%
47 C Camille
77%
9 L Lola
75%
7 J Jade
74%
30 L Laura
74%
8 L Lucie
73%
15 I Inès
72%
39 J Jeanne
72%
52 J Julia
72%
29 A Alice
71%
20 C Charlotte
71%
6 O Océane
71%
42 P Pauline
71%
65 S Sara
70%
10 E Eva
69%
48 E Élise
67%
22 R Romane
67%
17 L Léna
66%
12 L Lilou
66%
34 L Lisa
66%
36 M Mathilde
63%
54 E Élisa
61%
37 N Nina
61%
71 R Rose
61%
38 L Lina
60%
79 M Marion
60%
16 S Sarah
60%
24 C Clémence
59%
21 L Louane
59%
61 V Valentine
59%
44 E Emilie
58%
26 J Justine
58%
67 L Lise
58%
32 N Noémie
58%
41 C Carla
57%
56 M Marine
57%
88 O Olivia
57%
49 M Margot
55%
11 A Anaïs
54%
72 H Héloïse
54%
100 A Amélie
53%
73 E Éloïse
53%
28 L Louna
53%
31 M Maëlle
53%
13 M Maëlys
53%
50 A Alicia
52%
45 M Margaux
52%
64 L Lily
51%
70 Y Yasmine
51%
84 V Victoria
50%
63 L Luna
49%
14 C Célia
48%
66 G Gabrielle
48%
83 A Adèle
47%
43 A Ambre
47%
97 F Fanny
47%
46 M Mélissa
47%
62 E Elena
46%
87 N Ninon
46%
78 C Cloé
45%
53 A Agathe
44%
93 C Clémentine
44%
59 A Amandine
43%
25 M Maeva
43%
57 L Lana
42%
69 L Léonie
42%
51 L Léane
40%
81 M Morgane
40%
76 S Salomé
39%
96 S Sofia
38%
95 C Claire
37%
68 E Elsa
37%
77 M Mélina
37%
60 A Anaëlle
36%
85 C Cassandra
36%
90 F Faustine
35%
91 F Flora
35%
80 M Maya
35%
82 M Méline
34%
58 C Capucine
31%
98 A Alexandra
28%
55 C Candice
28%
92 C Coline
28%
86 F Flavie
28%
99 A Alix
27%
89 A Andréa
26%
75 L Loane
25%
94 E Émeline
23%
74 A Angelina
16%
Aucun quiz correspondant
Distribution des résultats
% des personnes avec chaque résultat
Percentile par nombre de réponses
Votre historique - résultats
Vous n’avez pas pris ce quiz depuis la dernière actualisation